True or False Blitz: Religion Quiz Stats

 Plays Quiz Updated Aug 9, 2018

Challenge
Share
Tweet
Embed
Score 0/20 Timer 02:00
49 Plays Today
Question Answer Wrong Answers
ISLAM: Islam is an Abrahamic religion True
81.5%
False
12.5%
COUNTRIES: over 70% of the Indian population identifies as Hindu True
80.2%
False
13.6%
COUNTRIES: Shinto is the largest religion in Japan True
77.4%
False
16.5%
ISLAM: Islam is the world's second-largest religion True
70.6%
False
23.3%
GREEK MYTHOLOGY: Apollo is the twin brother of Artemis True
70.4%
False
23.2%
BIBLE: the final book in the Old Testament is Ezekiel False
70%
True
23.9%
BIBLE: Titus is a book in the Old Testament False
70%
True
23.9%
SIKHISM: the founder of Sikhism was Guru Nanak True
69.9%
False
23.9%
JUDAISM: Hanukkah last for ten days and nights False
66.9%
True
27.2%
ROMAN MYTHOLOGY: Jupiter was the brother of Neptune and Pluto True
66.4%
False
27.5%
CATHOLICISM: there has been a Pope named Fabian True
64.5%
False
29.6%
RELIGIOUS HISTORY: Martin Luther wrote The Eighty-Five Theses False
63.3%
True
30.7%
CATHOLICISM: the most frequent Papal Name has been Peter False
60.5%
True
33.4%
COUNTRIES: there are more Protestants than Catholics in Hungary False
58.3%
True
35.6%
RELIGIOUS HISTORY: the first recorded use of the word 'Humanism' came in the 20th century False
50.7%
True
43.3%
GREEK MYTHOLOGY: Demeter is the goddess of the hearth False
45%
True
48.7%
PLACES OF WORSHIP: a gurdwara is the name given to a place of worship in Hinduism False
44.4%
True
49.5%
BUDDHISM: the Buddha lived between 200 and 400 AD False
43.7%
True
50%
JUDAISM: Yom Kippur takes place two months before Rosh Hashanah False
41.1%
True
52.9%
EGYPTIAN MYTHOLOGY: Horus was commonly depicted with the head of a jackal False
35.4%
True
58.7%

You're not logged in!

Compare scores with friends on all Sporcle quizzes.
Join for Free
OR
Log In

You Might Also Like...

Show Comments

Extras

Top Quizzes Today


Score Distribution

Your Account Isn't Verified!

In order to create a playlist on Sporcle, you need to verify the email address you used during registration. Go to your Sporcle Settings to finish the process.

Report this User

Report this user for behavior that violates our Community Guidelines.

Details: